<?xml version="1.0" encoding="UTF-8"?>
<marc:record xmlns:marc="http://www.loc.gov/MARC21/slim">
   <marc:leader>00000nam a2200000 a 4500</marc:leader>
   <marc:datafield ind1="1" ind2=" " tag="100">
      <marc:subfield code="a">Ziefle, Pia</marc:subfield>
      <marc:subfield code="4">aut</marc:subfield>
      <marc:subfield code="e">Verfasser/-in</marc:subfield>
   </marc:datafield>
   <marc:datafield ind1="0" ind2="0" tag="245">
      <marc:subfield code="a">Länger als sonst ist nicht für immer</marc:subfield>
   </marc:datafield>
   <marc:datafield ind1="0" ind2="0" tag="245">
      <marc:subfield code="c">Pia Ziefle</marc:subfield>
   </marc:datafield>
   <marc:datafield ind1=" " ind2="1" tag="264">
      <marc:subfield code="a">Zürich</marc:subfield>
      <marc:subfield code="b">Arche</marc:subfield>
      <marc:subfield code="c">2014</marc:subfield>
   </marc:datafield>
   <marc:datafield ind1="1" ind2=" " tag="520">
      <marc:subfield code="a">Angaben aus der Verlagsmeldung

Länger als sonst ist nicht für immer / von Pia Ziefle

Sommer 1976. In Ostberlin kommt der 9-jährige Lew in eine neue Familie, nachdem seine Eltern Republikflucht begingen. In einer schwäbischen Kleinstadt wird ein Mädchen namens Ira geboren und muss lernen, dass es von der Mutter nicht geliebt wird und dem Vater nicht zu nahe kommen darf. In einem Dorf in Jugoslawien begibt sich der 4-jährige Fido mit seinem Großvater auf die Reise nach Deutschland und wird nie mehr in die Heimat zurückkehren. Lew, Ira und Fido û zu unterschiedlichen Zeiten begegnen sie einander, lieben und verlieren sich wieder, können nicht finden, wonach sie sich sehnen: einen Ort, an dem sie zu Hause sind. Erst als fast 30 Jahre nach jenem Sommer Iras Vater im Sterben liegt und Lew überraschend eine Nachricht aus Indien erhält, öffnet sich ein Weg in die Vergangenheit, der ein Ankommen »für immer« noch möglich macht.
</marc:subfield>
   </marc:datafield>
   <marc:datafield ind1=" " ind2=" " tag="020">
      <marc:subfield code="a">9783716027158</marc:subfield>
      <marc:subfield code="9">9783716027158</marc:subfield>
   </marc:datafield>
   <marc:datafield ind1=" " ind2=" " tag="020">
      <marc:subfield code="a">3716027154</marc:subfield>
      <marc:subfield code="9">3716027154</marc:subfield>
   </marc:datafield>
   <marc:datafield ind1=" " ind2=" " tag="041">
      <marc:subfield code="a">ger</marc:subfield>
   </marc:datafield>
   <marc:datafield ind1=" " ind2=" " tag="300">
      <marc:subfield code="a">287 S.</marc:subfield>
   </marc:datafield>
</marc:record>
